000 00312nam a22001337a 4500
020 _a978-81-8477-491-7
082 _a500
_bBAS/M
100 _aBIMAN BASU
245 _aMASTERING SCIENCE
_bCLASS IX
260 _aDELHI
_bSCHOLASTIC INDIA
_c2010
300 _a185
650 _aSCIENCE FOR CLASS IX
_zINDIA
942 _cBK
999 _c948
_d948